Name the elements- science edition - Statistics

General Stats
  • This quiz has been taken 73 times
  • The average score is 12 of 15
Answer Stats
Symbol Element % Correct
Fe Iron
98%
He Helium
97%
Na Sodium
95%
Mg Magnesium
93%
Cu Copper
92%
I Iodine
92%
Ag Silver
92%
Ti Titanium
92%
Sn Tin
83%
H Hydrogen
82%
Ar Argon
80%
Ra Radium
78%
Hg Mercury
60%
V Vanadium
42%
Mn Maganese
12%
No matching quizzes found
Score Distribution
Percent of People with Each Score
Percentile by Number Answered
Your Score History
You have not taken this quiz